| 000 | 00431nam a2200169Ia 4500 | ||
|---|---|---|---|
| 008 | 230718s9999 xx 000 0 und d | ||
| 020 | _a9788129115799 | ||
| 041 | _aeng | ||
| 082 |
_a975.8 _bSHA |
||
| 100 |
_aSharma T.T. _9173331 |
||
| 245 | _aRunning On Full | ||
| 260 |
_c2010 _bRupa.Co |
||
| 300 | _a209 | ||
| 365 |
_cRs. _b95.00 |
||
| 700 |
_aSharma T.T. _9173331 |
||
| 906 |
_dO:0082528-Apr-2010B:385531-Mar-2010 _cGENRL _b19 |
||
| 999 |
_c324813 _d324813 |
||